El abandono de sí mismo en la providencia divina mirado como el medio más fácil para santificarse

Detalles Bibliográficos
Autor principal: Caussade, Jean Pierre de m. 1751
Formato: Libro
Lenguaje:Spanish
Publicado: Madrid 1909
Serie editorial:Biblioteca del Apostolado de la Prensa
Materias:
Colección:Banco de datos
Acervo:Biblioteca de la Congregación del Oratorio de San Felipe Neri de México. Iglesia La Profesa
Descripción Física:256 p. 13 cm.
Tema general:Ascética
Notas:Encuadernación en keratol. Sello en tinta del Oratorio de San Felipe Neri de México. Biblioteca La Profesa, D.F. Daños en la encuadernación
LEADER 00987nam a22001930004500
035 |a 2268 
041 0 |a spa 
100 1 |a Caussade, Jean Pierre de  |d m. 1751 
245 1 0 |a El abandono de sí mismo en la providencia divina mirado como el medio más fácil para santificarse  |c por el R. P. Juan Pedro Caussade de la Compañía de Jesús. Traducida por una religiosa del 20. Monasterio de la Visitación de Santa Maria, de Madrid 
260 |a Madrid  |b Administración del Apostolado de la Prensa  |c 1909 
300 |a 256 p.  |c 13 cm. 
440 0 |a Biblioteca del Apostolado de la Prensa 
500 |a Encuadernación en keratol. Sello en tinta del Oratorio de San Felipe Neri de México. Biblioteca La Profesa, D.F. Daños en la encuadernación 
504 |a Índice de contenido 
650 1 0 |a Ascética 
949 |a Iglesia La Profesa, Biblioteca 4351 
942 |c PROFESA 
943 |g Biblioteca de la Congregación del Oratorio de San Felipe Neri de México. Iglesia La Profesa 
999 |c 949079  |d 949079